Statistieken voor Landen met Dubbele Letters

Klik hier om de quiz te nemen!

Algemene statistieken

  • Deze quiz is 1.957 keer genomen
  • De gemiddelde score is 9 van 21

Antwoordstatistieken

LetterLand% Correct
OOostenrijk
84%
ONoorwegen
70%
RAndorra
66%
KMarokko
50%
O, TOost-Timor
50%
ENieuw-Zeeland
47%
AVaticaanstad
43%
ONoord-Korea
42%
ATsjaad
41%
LMarshalleilanden
39%
EGuinee
38%
ONoord-Macedonië
38%
E, SGuinee-Bissau
36%
ACentraal-Afrikaanse Republiek
31%
OIvoorkust
30%
AKaapverdië
30%
ADominicaanse Republiek
27%
RSierra Leone
26%
TSaint Kitts en Nevis
24%
LSeychellen
24%
AEquatoriaal-Guinea
22%

Scoreverdeling

Percentiel versus Aantal Correcte Antwoorden

Procent van Mensen met Elke Score

Uw Scoregeschiedenis

U heeft deze quiz nog niet genomen